000 00372 a2200157 4500
001 194205
020 _a978-1-4050-7650-0
040 _cMagnum
100 _aShelley, Mary
240 1 0 _aFrankenstein * R de Inglês*
_lpor
245 1 0 _aFrankenstein * R de Inglês*
300 _a68
362 0 _a2005
697 _aLÍNGUA - LINGÜÍSTICA - LITERATURA
942 _cBK
999 _c194205
_d194205